Henry Martyn : (Record no. 120)
[ view plain ]
| 000 -LEADER | |
|---|---|
| fixed length control field | 00847cam a22002777a 4500 |
| 001 - CONTROL NUMBER | |
| control field | 3367679 |
| 003 - CONTROL NUMBER IDENTIFIER | |
| control field | GBCCL |
| 005 - DATE AND TIME OF LATEST TRANSACTION | |
| control field | 20241126110330.0 |
| 008 - FIXED-LENGTH DATA ELEMENTS--GENERAL INFORMATION | |
| fixed length control field | 920611s1930||||enk|||||||||||||||||eng|d |
| 020 ## - INTERNATIONAL STANDARD BOOK NUMBER | |
| International Standard Book Number | 1840301392 |
| 035 ## - SYSTEM CONTROL NUMBER | |
| System control number | (OCoLC)ocn685270121 |
| 035 ## - SYSTEM CONTROL NUMBER | |
| System control number | 3367679 |
| 040 ## - CATALOGING SOURCE | |
| Original cataloging agency | CtY-D |
| Transcribing agency | CtY-D |
| 082 ## - DEWEY DECIMAL CLASSIFICATION NUMBER | |
| Classification number | 266.0092 |
| Item number | PAG |
| 100 1# - MAIN ENTRY--PERSONAL NAME | |
| Personal name | Page, Jesse. |
| 9 (RLIN) | 3677 |
| 245 10 - TITLE STATEMENT | |
| Title | Henry Martyn : |
| Remainder of title | pioneer missionary to India and Islam / |
| Statement of responsibility, etc. | by Jesse Page. |
| 260 0# - PUBLICATION, DISTRIBUTION, ETC. | |
| Place of publication, distribution, etc. | Greenville, USA : |
| Name of publisher, distributor, etc. | Ambassador, |
| Date of publication, distribution, etc. | 2003 |
| 300 ## - PHYSICAL DESCRIPTION | |
| Extent | 160 p. : |
| Other physical details | ill. ; |
| Dimensions | 19 cm. |
| 490 0# - SERIES STATEMENT | |
| Series statement | Bright biographies ; |
| Volume/sequential designation | 8 |
| 600 10 - SUBJECT ADDED ENTRY--PERSONAL NAME | |
| Personal name | Martyn, Henry, |
| Dates associated with a name | 1781-1812. |
| 9 (RLIN) | 3678 |
| 650 #0 - SUBJECT ADDED ENTRY--TOPICAL TERM | |
| Topical term or geographic name entry element | Missionaries |
| Geographic subdivision | India |
| Form subdivision | Biography. |
| 9 (RLIN) | 3679 |
| 650 #0 - SUBJECT ADDED ENTRY--TOPICAL TERM | |
| Topical term or geographic name entry element | Missionaries |
| Geographic subdivision | Islam |
| Form subdivision | Biography. |
| 9 (RLIN) | 3680 |
| 650 #0 - SUBJECT ADDED ENTRY--TOPICAL TERM | |
| Topical term or geographic name entry element | Missions to Muslims |
| Geographic subdivision | Iran. |
| 9 (RLIN) | 3681 |
| 740 01 - | |
| -- | Henry Martyn of Persia. |
| 942 ## - ADDED ENTRY ELEMENTS (KOHA) | |
| Source of classification or shelving scheme | Dewey Decimal Classification |
| Koha item type | Books |
| Koha issues (borrowed), all copies | 5 |
| Withdrawn status | Lost status | Source of classification or shelving scheme | Damaged status | Not for loan | Home library | Current Library | Shelving location | Date acquired | Total checkouts | Full call number | Barcode | Date last seen | Date last checked out | Copy number | Price effective from | Koha item type |
|---|---|---|---|---|---|---|---|---|---|---|---|---|---|---|---|---|
| Dewey Decimal Classification | GRACE BIBLE COLLEGE | GRACE BIBLE COLLEGE | Ministry & Mission | 2016-05-26 | 6 | 266.0092 PAG | 002296 | 2025-07-23 | 2025-07-16 | c.1 | 2016-05-26 | Books |